What is my/that pub worth?/ where is the market headed now? ... 20 May 1994, Cafe Royal, London W1. (The 1994 Henry Stewart Market Briefing) (Record no. 92703)
[ view plain ]
| 000 -LEADER | |
|---|---|
| fixed length control field | 01642cam a2200301 4500 |
| 001 - CONTROL NUMBER | |
| control field | J2670 |
| 008 - FIXED-LENGTH DATA ELEMENTS--GENERAL INFORMATION | |
| fixed length control field | 090401t1994 xxu||||| |||| 00| 0 eng d |
| 035 ## - SYSTEM CONTROL NUMBER | |
| System control number | (Sirsi) u50395 |
| 041 ## - LANGUAGE CODE | |
| Language code of text/sound track or separate title | eng |
| 050 ## - LIBRARY OF CONGRESS CALL NUMBER | |
| Classification number | 333.332 |
| 110 ## - MAIN ENTRY--CORPORATE NAME | |
| Corporate name or jurisdiction name as entry element | Henry Stewart Conference Studies |
| 9 (RLIN) | 2099 |
| 245 ## - TITLE STATEMENT | |
| Title | What is my/that pub worth?/ where is the market headed now? ... 20 May 1994, Cafe Royal, London W1. (The 1994 Henry Stewart Market Briefing) |
| 260 ## - PUBLICATION, DISTRIBUTION, ETC. | |
| Place of publication, distribution, etc. | London |
| Name of publisher, distributor, etc. | Henry Stewart Conference Studies |
| Date of publication, distribution, etc. | 1994 |
| 300 ## - PHYSICAL DESCRIPTION | |
| Extent | (102) leaves ; 30cm. |
| 350 ## - PRICE (NR) (BK AM CF MU VM SE) [OBSOLETE] | |
| Price | 50 |
| 520 ## - SUMMARY, ETC. | |
| Summary, etc. | Papers: - Valuation of licensed premises in a changing market./ GARROD, I. - Capital values in accordance with the RICS Valuation Guidance Notes (SUMMARY)./ GILLHAM, B. - Valuation of capital allowances in second-hand pubs./ LLEWELLYN, T. - Implications of the rating revaluation for capital values (SUMMARY)./ GERMANEY, D. - Valuing the multi-pub owning business (SUMMARY)./ MILLER, A. - Utilising the opportunities of the new enterprise investment scheme/other tax incentives./ SEYMOUR, M. - How to fund an independent pub management business./ WALTERS, E. - Pub market 1993/94./ WRIGHTSON, I. - Investment market for licensed premises./ GARROD, I. SUMMARY PAPERS PRINTED IN FULL IN COMPANION VOLUME OF ADDITIONAL PAPERS q.v. |
| 650 ## - SUBJECT ADDED ENTRY--TOPICAL TERM | |
| Topical term or geographic name entry element | CAPITAL ALLOWANCES |
| 650 ## - SUBJECT ADDED ENTRY--TOPICAL TERM | |
| Topical term or geographic name entry element | CONFERENCES |
| 650 ## - SUBJECT ADDED ENTRY--TOPICAL TERM | |
| Topical term or geographic name entry element | HENRY STEWART MARKET BRIEFING |
| 650 ## - SUBJECT ADDED ENTRY--TOPICAL TERM | |
| Topical term or geographic name entry element | LICENSED PREMISES |
| 650 ## - SUBJECT ADDED ENTRY--TOPICAL TERM | |
| Topical term or geographic name entry element | PROPERTY INVESTMENT |
| 650 ## - SUBJECT ADDED ENTRY--TOPICAL TERM | |
| Topical term or geographic name entry element | PROPERTY MARKET |
| 650 ## - SUBJECT ADDED ENTRY--TOPICAL TERM | |
| Topical term or geographic name entry element | PUBLIC HOUSES |
| 650 ## - SUBJECT ADDED ENTRY--TOPICAL TERM | |
| Topical term or geographic name entry element | WHAT IS MY/THAT PUB WORTH? |
| 690 ## - LOCAL SUBJECT ADDED ENTRY--TOPICAL TERM (OCLC, RLIN) | |
| Topical term or geographic name as entry element | RATING AND VALUATION |
| 942 ## - ADDED ENTRY ELEMENTS (KOHA) | |
| Suppress in OPAC | 0 |
| 948 ## - LOCAL PROCESSING INFORMATION (OCLC); SERIES PART DESIGNATOR (RLIN) | |
| c (OCLC) | 04/03/1997 |
| Withdrawn status | Lost status | Source of classification or shelving scheme | Damaged status | Not for loan | Home library | Current library | Shelving location | Date acquired | Cost, normal purchase price | Total Checkouts | Full call number | Barcode | Date last seen | Date last checked out | Copy number | Cost, replacement price | Price effective from | Koha item type |
|---|---|---|---|---|---|---|---|---|---|---|---|---|---|---|---|---|---|---|
| Dewey Decimal Classification | London | London | Folio | 17/01/1995 | 50.00 | 1 | F333.332 | 30044743 | 06/08/2019 | 28/02/2000 | 1 | 50.00 | 06/08/2019 | Book |